| 000 | 00443nmc a2200193 a 4500 | ||
|---|---|---|---|
| 003 | AR-X00000XY | ||
| 005 | 20251128212029.0 | ||
| 008 | 187020s1953 ||||||||||||||000 | spa|| | ||
| 040 | _cAR-X00000XY | ||
| 100 | 1 | _aChar, René | |
| 245 | 1 | 0 | _aLettera amorosa |
| 260 |
_aParis _bGallimard _c1953 |
||
| 300 | 0 | _a31 p. | |
| 490 | 0 | _aCollection Espoir | |
| 655 | _aLITERATURA | ||
| 800 | 1 | _aCamus, Albert | |
| 942 | _cBK | ||
| 998 | _cmartin | ||
| 999 |
_c22160 _d22160 |
||